France General Knowledge - Statistics

General Stats
  • This quiz has been taken 235 times
  • The average score is 7 of 10
Answer Stats
Question Answer % Correct
Capital City Paris
100%
Current president Emmanuel Macron
90%
Third largest city Lyon
89%
Largest French island in Mediterranean Sea Corsica
84%
Year of French Revoloution 1789
78%
Amount of countries it borders [including overseas regions]. 10
69%
Population to the nearest million 66
55%
Year the Eiffel Tower opened. 1889
50%
Largest of there overseas regions by population. Reunion
33%
Sporting event they hosted in 2016 UEFA European Championship
28%
No matching quizzes found
Score Distribution
Percent of People with Each Score
Percentile by Number Answered
Your Score History
You have not taken this quiz